| 000 | 00740nas a2200253 4500 | ||
|---|---|---|---|
| 001 | BR0703351 | ||
| 003 | BR-BrBNA | ||
| 005 | 20231205110857.0 | ||
| 007 | ta | ||
| 008 | 230509b bl.|||p| |||| 00| 00por d | ||
| 040 |
_aBR-BrBNA _bpor _cBiblioteca Nacional de Agricultura |
||
| 041 | _a(Pt) | ||
| 072 | _aF30 | ||
| 100 | 1 | _aDvide, L.C. | |
| 100 | 1 | _aTechio, V.H. | |
| 100 | 1 | _aNunes, J.D. | |
| 100 | 1 | _aPereira, A.V. | |
| 245 | 1 | _aVariação cromossômica numérica em Pennisetum | |
| 650 | _aCAPIM ELEFANTE | ||
| 650 | _aVARIAÇÃO GENÉTICA | ||
| 773 | 0 |
_tCiência e Agrotecnologia (Brazil) _xISSN 1413-7054 _g(Mar-Apr 2007), v. 31(2) p. 398-405 _wBR0703351 |
|
| 909 |
_a202311 _bLúcia _c55 _dLúcia Elande |
||
| 942 |
_2AGRIS _n0 _cANA |
||
| 999 |
_c189549 _d189549 |
||